UCI WT Alpecin - Deceuninck riders 2025. - Statistics

General Stats
  • This quiz has been taken 27 times
  • The average score is 13 of 29
Answer Stats
Hint Answer % Correct
BEL Jasper Philipsen
100%
NLD Mathieu van der Poel
100%
AUS Kaden Groves
78%
SWI Silvan Dillier
72%
SVN Gal Glivar
61%
BEL Gianni Vermeersch
61%
ITA Luca Vergallito
50%
NZL Samuel Gaze
50%
BEL Fabio Van den Bossche
44%
BEL Jonas Rickaert
44%
AUT Michael Gogl
44%
BEL Quinten Hermans
44%
NLD Tibor Del Grosso
44%
BEL Emiel Verstrynge
39%
AUT Tobias Bayer
39%
BEL Edward Planckaert
33%
AUS Jensen Plowright
33%
NLD Lars Boven
33%
NLD Oscar Riesebeek
33%
BEL Ramses Debruyne
33%
BEL Robbe Ghys
33%
BEL Simon Dehairs
33%
BEL Xandro Meurisse
33%
GER Henri Uhlig
28%
GER Juri Hollmann
28%
BEL Stan Van Tricht
28%
BEL Timo Kielich
28%
BEL Jimmy Janssens
22%
DEN Johan Price-Pejtersen
22%
No matching quizzes found
Score Distribution
Percent of People with Each Score
Percentile by Number Answered
Your Score History
You have not taken this quiz